| 000 | 005520000a22001810004500 | ||
|---|---|---|---|
| 003 | MACL | ||
| 005 | 20160410114952.0 | ||
| 008 | 160410b xxu||||| |||| 00| 0 eng d | ||
| 040 |
_aMACL _cMACL |
||
| 041 | _aHindi | ||
| 082 | _a080 | ||
| 100 |
_aश्रीवास्तव नरेन्द्र _951590 |
||
| 245 | _aप्रेरक प्रसंग | ||
| 260 |
_aजयपुर _bअपोलो प्रकाशन _c2007 |
||
| 350 | _a180 | ||
| 650 |
_aसामान्य वर्ग _936 |
||
| 942 |
_cHIN _k080 _2ddc |
||
| 999 |
_c47536 _d47536 |
||